Stranger Things Characters - Sudden Death - Statistics

General Stats
  • This quiz has been taken 4,162 times
    4,036 since last reset
  • The average score is 13 of 22
Answers on the Grid
Answers color-coded by a green-red scale on the quiz's grid according to % correct below.
Eleven
Billy
Scott
Suzie Bingham
Willy
Holly
Steve Harrington
Jeff Hopper
Erica
Lucas
Brenner
Steve Wilmington
Karen
Myke
Jenna
Ted
Tod
Eddy
Tommy Hagan
Nancy
Eddie
Mike
Joyce Byers
Topper
Max Mayfield
Bustin
Jason
Dustin Henderson
Connor Blake
Robin Buckley
Barbara
Will Byers
 
Answer Stats
Answer % Correct
Eleven
90%
Billy
89%
Holly
71%
Steve Harrington
71%
Erica
66%
Lucas
66%
Suzie Bingham
62%
Karen
61%
Brenner
60%
Eddie
55%
Max Mayfield
55%
Barbara
54%
Dustin Henderson
54%
Nancy
54%
Ted
54%
Joyce Byers
53%
Mike
53%
Will Byers
53%
Robin Buckley
52%
Jason
38%
Scott
35%
Tommy Hagan
26%
No matching quizzes found
Score Distribution
Percent of People with Each Score
Percentile by Number Answered
Your Score History
You have not taken this quiz since the last reset